MDQL
is popping MORE tags! Check the
thread
!
Quizzes
Events
Quiz Creation
Community
Videos
Private Events
Remove Ads
Sign In
Join for FREE
Feedback
Dark Mode
Quiz Categories
Sports
Geography
Music
Movies
Television
Just For Fun
Miscellaneous
History
Literature
Language
Science
Gaming
Entertainment
Religion
Holiday
For Kids
Quiz Lab
Recent
Popular Today
Quiz Kudos Today
Editor Picks
Curator Picks
Quizzes by...
Day
Popularity
Type
Ratings
Length
Year
Community
Subscriptions
Recent Discussions
Orange Saloon
Badges
Playlists
Quests
Create
Leaderboards
Showdown
Live 5
Trivia Bingo
Activity
Puzzle Library
Sporcle Events
Private Events
Virtual Trivia
Globe League
Become a Host
Pub Owners
SporcleCon
Opinionation
Our Games
Videos
Blog
Mobile Apps
Partnerships
Remove Ads and Go Orange
Feedback
Sports
Athletes
MLB
NBA
NHL
NFL
Soccer
Sports Teams
WWE
NCAA
Football
Premier League
Basketball
Baseball
Hockey
Golf
Tennis
Cricket
Rugby
Auto Racing
Olympics
World Cup
Sports
Athletes
MLB
NBA
NHL
NFL
Soccer
Sports Teams
WWE
NCAA
Football
Premier League
Basketball
Baseball
Hockey
Golf
Tennis
Cricket
Rugby
Auto Racing
Olympics
World Cup
Random Quiz
Search Sporcle
×
Quiz Lab
Quiz Lab
Sports
Cricket
Type in answers that appear in a list
Type in answers that appear in a list
Classic
Best Score? Go Orange.
England Test Cricket Captains Stats
Can you name the England Test Cricket Captains since 1975?
By
locutus243
7m
24 Questions
7,344 Plays
7,344 Plays
7,344 Plays
Comments
Comments
Give Quiz Kudos
Give Quiz Kudos
-
- Ratings
hide this ad
More Info
Replay
Link that replays current quiz
Next Quiz
Link to next quiz in quiz playlist
You Got
0%
They Got
Avg Score
70%
Avg Friend Score
Upgrade to see
Score Distribution
Jump to the score distribution portion of the page
Score
0/24
Timer
07:00
1
Play Today
Years
Captain
% Correct
2017-
Joe Root
97.9%
2006-
12
Andrew Strauss
97.4%
2003-
08
Michael Vaughan
96%
1999-
2003
Nasser Hussain
95.4%
2020-
Ben Stokes
95.2%
1980-
81
Ian Botham
94.2%
1993-
2001
Michael Atherton
93.8%
2005-
07
Andrew Flintoff
93.1%
2008-
09
Kevin Pietersen
90.6%
1992-
2001
Alec Stewart
89.5%
1982-
89
David Gower
89%
1988-
93
Graham Gooch
88.4%
Years
Captain
% Correct
2009-
17
Alastair Cook
81.9%
2004-
06
Marcus Trescothick
79.1%
1986-
88
Mike Gatting
79%
1982-
84
Bob Willis
73.2%
1977-
88
Geoff Boycott
72.1%
1977-
81
Mike Brearley
71%
1999
Mark Butcher
59%
1989-
91
Allan Lamb
57.1%
1975-
77
Tony Greig
52.5%
1988
Chris Cowdrey
52%
1988
John Emburey
39.5%
1981-
82
Keith Fletcher
28.6%
Quiz Playlist
Details
Report
Send in Message
Add To Playlist
More Info:
Can you name the England test cricket captains back to 1975? *at time of creation.
Classic:
Type in answers that appear in a list
Last Updated: Nov 12, 2020
Quiz Scoreboard
CHALLENGE
Sign Up to Join the Scoreboard
Show All
Scores
Hide
Comments
May contain spoilers
Recently Published
1-10 Letter E Words III
by El_Dandy
Language
2m
Street Fighter Characters
by Artimus82
Gaming
60s
College Basketball Coaching Resumes
by pancakes188
Sports
9m
More to Explore
Quiz From the Vault
Featured Blog Post
Where Did the Easter Bunny Come From?
hide this ad
You Might Also Like...
Tags
Cricket Quiz
1975
captain
England
test
Today's Top Quizzes in Sports
Browse Sports
hide this ad
Today's Top Quizzes in Cricket
Browse Cricket
Top Contributed Quizzes in Sports
1
2022 World Cup Stars
2
Les meilleurs buteurs des matchs entre le PSG et l’OM
3
FIFA Club World Cup Champions
4
Les entraîneurs de l'OM et du PSG au 21e siècle
5
Criteria MLB: Left Handed Sluggers
6
2023 MLB Unique Player Accomplishments
7
AFC Teams Reveal (Wrong Answers Minefield)
8
Players with Multiple 50 Home Run Seasons
9
5-to-1: FBS Animal Nicknames
10
5-to-1: UK Sports Teams
Explore More
Trending Topics
NBA
Marvel
Crossword
Harry Potter
Disney
Anime
Kpop
WWE
Puzzle
NFL
Soccer
The Office
Pokémon
Country
Song
hide this ad
More By:
locutus243
Quiz
Plays
Rating
Category
Featured
Created
England Test Cricket Captains
7,344
4.38
Sports
Jan 2, 2010
England Goalkeepers 1970-2009
2,811
4.24
Sports
Dec 30, 2009
West Wing Characters
698
3.00
Television
Dec 27, 2009
Test Openers 2000-2009
511
3.00
Sports
Jan 30, 2011
Star Trek Starship Types
503
4.50
Television
Dec 28, 2009
Go to Creator's Profile
Score Distribution
Quiz Creator Spotlight
locutus243
Follow
Send a Message
Quizzes Created
-
Created Quiz Play Count
-
More By This Creator
Popular Quizzes Today
1
Find the US States - No Outlines Minefield
2
Find the Countries of Europe - No Outlines Minefield
3
The Countries of the World
4
Find the US States
5
Risky Map Clicking: Biggest States A-Z
6
US States
7
Popular People in 1961
8
Movies - When Are They Set?
More Sports Quizzes
Men's Grand Slam Quarterfinalists (2022)
Curator's Pick
Trending Quizzes
Risky Map Clicking: Least Populous States A-Z
1-10 Letter G Words
Countries of the World: 200 Million BC
1-10 Letter F Words
Risky Map Clicking: Next State Alphabetically
Recently Updated
Rides in Walt Disney World
pecheneg
Most Oscar Losses (Acting)
pecheneg
Beyoncé Albums
pecheneg
Leaping Animals
pecheneg
Reality TV Shows (A-Z)
bhenderson79
Rickey Henderson's Hall of Fame Teammates
pecheneg
Champions League XIs: Arsenal
pecheneg
Quick Pick: Celebrities in WWE's Hall of Fame
aduchscher
A-Z Keypad Blitz II
pecheneg
Multiple Oscar Actors
pecheneg
Trending Topics
Crossword
Harry Potter
Anime
Marvel
Disney
NBA
Kpop
WWE
Song
The Office
Puzzle
NFL
Soccer
Pokémon
Country
Your Account Isn't Verified!
In order to create a playlist on Sporcle, you need to verify the email address you used during registration. Go to your
Sporcle Settings
to finish the process.
Report this User
Report this user for behavior that violates our
Community Guidelines
.
Details:
Send Report
Go to the Sporcle.com Mobile Site →
Comments